| 000 | 00980nam a22002657a 4500 | ||
|---|---|---|---|
| 005 | 20110317123718.0 | ||
| 008 | 110317t xxu||||| |||| 00| 0 eng d | ||
| 010 | _aENG-102162 | ||
| 020 |
_a9788125942498 _c275.00 |
||
| 035 | _aEN-85695 | ||
| 037 | _bDBAD/PUB | ||
| 040 |
_adpl _bEng |
||
| 082 | _a004.621 | ||
| 100 | 1 |
_926630 _aAgrawal, Rajneesh |
|
| 245 | 1 | 0 |
_aData communication and networking / _cby Rajneesh Agrawal |
| 260 |
_aNoida _bVikas Publishing House _c2010 |
||
| 270 |
_aE-28, Sector-8 _bNoida _e201301 |
||
| 300 |
_axv,263p. : _c23cm (pbk) _bill. |
||
| 490 |
_aVikas-GTU students' series _926655 |
||
| 650 | 0 | _926631 | |
| 700 | _926636 | ||
| 942 |
_2ddc _cEN _mAGR _h004.621 |
||
| 999 |
_c51128 _d51128 |
||